书目信息 |
| 题名: |
老子:自然人生
|
|
| 作者: | 戴建业 著 | |
| 分册: | ||
| 出版信息: | 武汉 长江文艺出版社 1993 |
|
| 页数: | 220页 | |
| 开本: | 19cm | |
| 丛书名: | 中国圣贤人生丛书 | |
| 单 册: | ||
| 中图分类: | B223.15 , B22 | |
| 科图分类: | ||
| 主题词: | ||
| 电子资源: | ||
| ISBN: | 7-5354-1142-8 | |
| 000 | 00831nam2 2200265 45 | |
| 001 | 1156788382 | |
| 005 | 20110927154843.00 | |
| 010 | @a7-5354-1142-8@dCNY9.00 | |
| 100 | @a19940511d1993 emky0chiy0121 ea | |
| 101 | 0 | @achi |
| 102 | @aCN@b420000 | |
| 105 | @ay z 000yb | |
| 200 | 10 | @a老子:自然人生@ALAO ZI : ZI RAN REN SHENG@f戴建业著@FDAI JIAN YE ZHU |
| 210 | @a武汉@c长江文艺出版社@d1993 | |
| 215 | @a220页@d19cm | |
| 225 | 2 | @a中国圣贤人生丛书@f洪 质主编 |
| 330 | @a本书论述了老子的人生体验、处世之道,包括:困境与出路、自然与造作、生命与名利、拙与巧等13章。 | |
| 410 | 0 | @120010@a中国圣贤人生丛书 |
| 540 | 1 | @a自然 人生@AZI RAN REN SHENG |
| 600 | 0 | @a老子@x思想评论 |
| 690 | @aB223.15@v三版 | |
| 690 | @aB22@v4 | |
| 701 | 0 | @a戴建业@ADAI JIAN YE@4著 |
| 801 | 0 | @aCN@bTSSF@c19940511 |
| 905 | @a10447@dB22@eJY3 | |
| 老子:自然人生/戴建业著.-武汉:长江文艺出版社,1993 |
| 220页;19cm.-(中国圣贤人生丛书/洪 质主编) |
| ISBN 7-5354-1142-8:CNY9.00 |
| 本书论述了老子的人生体验、处世之道,包括:困境与出路、自然与造作、生命与名利、拙与巧等13章。 |
| ● |
| 相关链接 |
|
|
|
|
正题名:老子:自然人生
索取号:B22/JY3
 
预约/预借
| 序号 | 登录号 | 条形码 | 馆藏地/架位号 | 状态 | 备注 |
| 1 | 7824310 | 278243107 | 学院路分馆/ [索取号:B22/JY3] | 在馆 | |
| 2 | 7824311 | 278243116 | 学院路分馆/ [索取号:B22/JY3] | 在馆 | |
| 3 | 7824312 | 278243125 | 学院路分馆/ [索取号:B22/JY3] | 在馆 | |
| 4 | 7824313 | 278243134 | 学院路分馆/ [索取号:B22/JY3] | 在馆 |